[Event "Cape Town Masters"]
[Site "Cape Town"]
[Date "2025.01.09"]
[Round "6"]
[White "Lin, Chenyi"]
[Black "Soojay, Jorah"]
[Result "1/2-1/2"]
[WhiteElo "1962"]
[BlackElo "1905"]
[PlyCount "31"]
[EventDate "2025.01.06"]
[EventType "swiss"]
[EventRounds "9"]
[EventCountry "RSA"]
[SourceTitle "CB03_2025"]
[SourceDate "2025.01.15"]
[SourceVersion "1"]
[SourceVersionDate "2025.01.15"]
[SourceQuality "1"]

1. Nf3 d5 2. c4 e6 3. e3 Nf6 4. Nc3 Be7 5. b3 0-0 6. Bb2 b6 7. Qc2 c5 8. cxd5 exd5 9. d4 Nc6 10. dxc5 bxc5 11. Bb5 Nb4 12. Qd2 d4 13. exd4 cxd4 14. Na4 Qa5 15. Nxd4 Ne4 16. Qe2 1/2-1/2